000 00633nam a2200217 4500
001 110262
003 ES-MaACL
005 20240516104152.0
007 t|
008 061121s1963 sp r ||||1| spa d
100 1 _aMolette, Charles.
_981866
245 1 3 _aLa Acción Católica, escuela de libertad /
_cCharles Molette; traducido por Alfonso Romeu.
260 _aBarcelona :
_bNova Terra,
_c1963.
300 _a51 p. ;
_c18 cm.
490 1 _aPresencia
700 1 _aRomeu, Alfonso.
_999456
830 0 _aColección presencia
_9181337
852 _aES-MaACL
_j2033-F-30
_bR.55702
942 _2udc
999 _c110262
_d110262